Gar̥havālī loka-sāhitya kā vivecanātmaka adhyayana. (Record no. 64414)

MARC details
000 -LEADER
fixed length control field 00658cam a22002291 4500
001 - CONTROL NUMBER
control field sa 65005850
003 - CONTROL NUMBER IDENTIFIER
control field DLC
005 - DATE AND TIME OF LATEST TRANSACTION
control field 20260227112139.0
008 - FIXED-LENGTH DATA ELEMENTS--GENERAL INFORMATION
fixed length control field 890628s1964 ii b 000 0 hino
010 ## - LIBRARY OF CONGRESS CONTROL NUMBER
LC control number sa 65005850
035 ## - SYSTEM CONTROL NUMBER
System control number (OCoLC)19945725
040 ## - CATALOGING SOURCE
Original cataloging agency DLC
Transcribing agency WaU
Modifying agency DLC
043 ## - GEOGRAPHIC AREA CODE
Geographic area code a-ii---
050 00 - LIBRARY OF CONGRESS CALL NUMBER
Classification number PK2102.G3
Item number B3
100 1# - MAIN ENTRY--PERSONAL NAME
Personal name Bābulakara, Mohanalāla,
Dates associated with a name 1939-
245 10 - TITLE STATEMENT
Title Gar̥havālī loka-sāhitya kā vivecanātmaka adhyayana.
260 ## - PUBLICATION, DISTRIBUTION, ETC.
Date of publication, distribution, etc. [1964]
300 ## - PHYSICAL DESCRIPTION
Extent v.
Dimensions 23 cm.
500 ## - GENERAL NOTE
General note In Hindi.
504 ## - BIBLIOGRAPHY, ETC. NOTE
Bibliography, etc. note Bibliography: p. [285]-286.
650 #0 - SUBJECT ADDED ENTRY--TOPICAL TERM
Topical term or geographic name entry element Folk literature, Hindi
Geographic subdivision India
-- Garhwalʼ (District)
General subdivision History and criticism.

No items available.

Powered by Koha